00943cam a2200253 a 4500999001300000001000400013003000900017005001700026008004100043020001600084040002800100082001900128100001900147245004100166260007300207300003000280600001900310650003900329650004600368830002900414942001200443952011700455952011700572 c631d631368BD-DhUAP20260216154605.0200126r19891988at 000 0aeng  a0732224071  aDLCcDLCdBD-DhUAPbEng 223a813.54 MCK1 aMcKie, Ronald.10aWe have no dreaming /cRonald McKie. aSydney, NSW :bCollins Publishers Australia,cc1988 [Reprinted1989]. axiii, 264 pages ;c20 cm.10aMcKie, Ronald. 0aJournalistszAustraliaxBiography. 0aWar correspondentszAustraliaxBiography. 0aImprint (Sydney, N.S.W.) 2ddccBK 00102ddc4070aUAPCLbUAPCLcGeneral Stacksd2020-01-26o813.54 MCKp3010000368r2020-01-26t1w2020-01-26yBK 00102ddc4070aUAPCLbUAPCLcGeneral Stacksd2020-01-26o813.54 MCKp3010000364r2020-01-26t2w2020-01-26yBK